000 00433nam a22001697a 4500
005 20251108164119.0
008 250721s1995 xx 000 0 ara d
082 1 4 _a811.9566/زيد
100 1 _aالزيد، حمد
245 1 0 _aقصائد مطوية :
_bشعر /
264 1 _aالرياض :
_c1995.
300 _a107ص
650 1 7 _aالشعر العربي
650 1 7 _aالسعودية
942 _2ddc
_cBK
999 _c3948
_d3948